00278nam a2200109Ia 4500008004100000041000800041082000800049100001900057245005200076260003200128300000800160231107s2018 xx 000 0 und d aeng a749 aBuhler Bernard aArchitectural Material & Detail Structure: Wood aUKbDesign Media Pub.c2018 a318